Từ điển Marketing và Quảng cáo Anh - Pháp - Việt: Khoảng 3000 mục từ
v.v...
Đã lưu trong:
| Tác giả chính: | |
|---|---|
| Định dạng: | Sách |
| Năm xuất bản: |
H.
Khoa học kỹ thuật
2002
|
| Chủ đề: | |
| Tags: |
Thêm thẻ
Không có thẻ, Hãy là người đầu tiên gắn thẻ bản ghi này!
|
| LEADER | 02102nam a2200289 4500 | ||
|---|---|---|---|
| 999 | |c 11357 |d 11357 | ||
| 082 | |a 381.103 |b T550đ | ||
| 100 | |a Nguyễn Ngọc Bích | ||
| 242 | |a = Dictionary of marketing and advertising: English-French-Vietnamese: About 3000 entries | ||
| 245 | |a Từ điển Marketing và Quảng cáo |c Nguyễn Ngọc Bích, Nguyễn Quang Cư, Nguyễn Thanh Hương,... |b Anh - Pháp - Việt: Khoảng 3000 mục từ | ||
| 260 | |a H. |b Khoa học kỹ thuật |c 2002 | ||
| 300 | |a 209 tr. |c 21 cm. | ||
| 520 | |a v.v... | ||
| 653 | |a Marketing | ||
| 653 | |a Thương mại | ||
| 653 | |a Quảng cáo | ||
| 653 | |a Từ điển | ||
| 942 | |2 ddc |c STK0 | ||
| 952 | |0 0 |1 0 |2 ddc |4 0 |6 381_103000000000000_T550Đ |7 0 |8 300 |9 96813 |a qbu |b qbu |c D2 |d 2015-10-02 |g 26000 |o 381.103 T550đ |p 10712.c1 |r 0000-00-00 |w 2015-10-02 |y STK0 | ||
| 952 | |0 0 |1 0 |2 ddc |4 0 |6 381_103000000000000_T550Đ |7 0 |8 300 |9 96814 |a qbu |b qbu |c D2 |d 2015-10-02 |g 26000 |o 381.103 T550đ |p 10712.c2 |r 0000-00-00 |w 2015-10-02 |y STK0 | ||
| 952 | |0 0 |1 0 |2 ddc |4 0 |6 381_103000000000000_T550Đ |7 0 |8 300 |9 96815 |a qbu |b qbu |c D2 |d 2015-10-02 |g 26000 |o 381.103 T550đ |p 10712.c3 |r 0000-00-00 |w 2015-10-02 |y STK0 | ||
| 952 | |0 0 |1 0 |2 ddc |4 0 |6 381_103000000000000_T550Đ |7 0 |8 300 |9 96816 |a qbu |b qbu |c D2 |d 2015-10-02 |g 26000 |o 381.103 T550đ |p 10712.c4 |r 0000-00-00 |w 2015-10-02 |y STK0 | ||
| 952 | |0 0 |1 0 |2 ddc |4 0 |6 381_103000000000000_T550Đ |7 0 |8 300 |9 96817 |a qbu |b qbu |c D2 |d 2015-10-02 |g 26000 |o 381.103 T550đ |p 10712.c5 |r 0000-00-00 |w 2015-10-02 |y STK0 | ||
| 952 | |0 0 |1 0 |2 ddc |4 0 |6 381_103000000000000_T550Đ |7 0 |8 300 |9 96818 |a qbu |b qbu |c D2 |d 2015-10-02 |g 26000 |o 381.103 T550đ |p 10712.c6 |r 0000-00-00 |w 2015-10-02 |y STK0 | ||
| 952 | |0 0 |1 0 |2 ddc |4 0 |6 381_103000000000000_T550Đ |7 0 |8 300 |9 96819 |a qbu |b qbu |c D2 |d 2015-10-02 |g 26000 |o 381.103 T550đ |p 10712.c7 |r 0000-00-00 |w 2015-10-02 |y STK0 | ||
| 952 | |0 0 |1 0 |2 ddc |4 0 |6 381_103000000000000_T550Đ |7 0 |8 300 |9 96820 |a qbu |b qbu |c D2 |d 2015-10-02 |g 26000 |o 381.103 T550đ |p 10712.c8 |r 0000-00-00 |w 2015-10-02 |y STK0 | ||
| 952 | |0 0 |1 0 |2 ddc |4 0 |6 381_103000000000000_T550Đ |7 0 |8 300 |9 96821 |a qbu |b qbu |c D2 |d 2015-10-02 |g 26000 |o 381.103 T550đ |p 10712.c9 |r 0000-00-00 |w 2015-10-02 |y STK0 | ||